000 00338nam a22001457a 4500
008 230719b ||||| |||| 00| 0 eng d
020 _a9780805370021
041 _aeng
080 _2SECOND EDITION
_a53
082 _a53WAL
100 _a20
101 _aFIZIK
245 _aMATHEMATICAL METHODS OF PHYSICS
_cWALKER.M
942 _2udc
_cBK
999 _c60182
_d60182